ECONOMICS FOR HOSPITALITY MANAGEMENT (Record no. 12983)

MARC details
000 -LEADER
fixed length control field 00334nam a22001457a 4500
003 - CONTROL NUMBER IDENTIFIER
control field SGT
020 ## - INTERNATIONAL STANDARD BOOK NUMBER
International Standard Book Number 1-8615-2179-0
082 ## - DEWEY DECIMAL CLASSIFICATION NUMBER
Classification number 658
Item number E00C
100 ## - MAIN ENTRY--PERSONAL NAME
Personal name CULLON, PETER
245 ## - TITLE STATEMENT
Title ECONOMICS FOR HOSPITALITY MANAGEMENT
260 ## - PUBLICATION, DISTRIBUTION, ETC. (IMPRINT)
Place of publication, distribution, etc NEW DELHI
Name of publisher, distributor, etc THOMSON PRESS
Year of Publication 2000
300 ## - PAGE DESCRIPTION
No. of Pages 244
650 ## - SUBJECT ADDED ENTRY--TOPICAL TERM
Topical term or geographic name as entry element HOTEL MANAGEMENT
942 ## - ADDED ENTRY ELEMENTS (KOHA)
Source of classification or shelving scheme Dewey Decimal Classification
Koha item type Books
Holdings
Withdrawn status Lost status Source of classification or shelving scheme Damaged status Not for loan Collection code Home library Current library Shelving location Date acquired Vendor Name Cost, normal purchase price SGTU Bill Number Total Checkouts Full call number Accession No. (Barcode) Date last seen Bill Date Koha item type
    Dewey Decimal Classification     HOTEL MANAGEMENT SGT Science & Social Sciences Library SGT Science & Social Sciences Library Text Book 12/08/2017 GIFTED 350.00 SGTU NONE   658 E00C HM773 12/08/2017   Books